Highest Batting Averages in Test Cricket A-Z - Statistics

General Stats
  • This quiz has been taken 46 times
  • The average score is 15 of 23
Answer Stats
Letter Avge. Years Runs Nat. Answer % Correct
T 53.78 1989-2013 15,921 ๐Ÿ‡ฎ๐Ÿ‡ณ Sachin Tendulkar
100%
D 52.31 1996-2012 13,288 ๐Ÿ‡ฎ๐Ÿ‡ณ Rahul Dravid
98%
L 52.88 1990-2006 11,953 west-indies-cricket-board-flag๐Ÿ‡น๐Ÿ‡น Brian Lara
95%
B 99.94 1928-1948 6,996 ๐Ÿ‡ฆ๐Ÿ‡บ Don Bradman
95%
R 50.87 2012- 12,972 ๐Ÿด๓ ง๓ ข๓ ฅ๓ ฎ๓ ง๓ ฟ Joe Root
90%
P 51.85 1995-2012 13,378 ๐Ÿ‡ฆ๐Ÿ‡บ Ricky Ponting
90%
K 55.37 1995-2013 13,289 ๐Ÿ‡ฟ๐Ÿ‡ฆ Jacques Kallis
88%
J 49.84 1997-2014 11,814 ๐Ÿ‡ฑ๐Ÿ‡ฐ Mahela Jayawardene
83%
A 46.64 2004-2019 9,282 ๐Ÿ‡ฟ๐Ÿ‡ฆ Hashim Amla
81%
G 51.12 1971-1987 10,122 ๐Ÿ‡ฎ๐Ÿ‡ณ Sunil Gavaskar
79%
V 50.66 2004-2018 8,765 ๐Ÿ‡ฟ๐Ÿ‡ฆ AB de Villiers
69%
M 52.57 1976-1993 8,832 ๐Ÿ‡ต๐Ÿ‡ฐ Javed Miandad
67%
F 51.54 1992-2002 4,794 ๐Ÿ‡ฟ๐Ÿ‡ผ Andy Flower
62%
I 38.89 2008-2023 5,134 ๐Ÿ‡ง๐Ÿ‡ฉ Tamim Iqbal
62%
Y 52.29 1998-2010 7,530 ๐Ÿ‡ต๐Ÿ‡ฐ Mohammad Yousuf
60%
C 53.86 1970-1984 7,110 ๐Ÿ‡ฆ๐Ÿ‡บ Greg Chappell
55%
H 58.45 1927-1947 7,249 ๐Ÿด๓ ง๓ ข๓ ฅ๓ ฎ๓ ง๓ ฟ Wally Hammond
45%
W 58.61 1948-1958 4,455 west-indies-cricket-board-flag๐Ÿ‡ง๐Ÿ‡ง Everton Weekes
43%
S 60.73 1924-1935 4,555 ๐Ÿด๓ ง๓ ข๓ ฅ๓ ฎ๓ ง๓ ฟ Herbert Sutcliffe
38%
E 43.54 1963-1976 5,138 ๐Ÿด๓ ง๓ ข๓ ฅ๓ ฎ๓ ง๓ ฟ John Edrich
33%
U 42.22 1948-1962 3,631 ๐Ÿ‡ฎ๐Ÿ‡ณ Polly Umrigar
26%
O 45.55 1958-1965 2,779 ๐Ÿ‡ฆ๐Ÿ‡บ Norm O'Neill
21%
N 53.81 1935-1951 2,960 ๐Ÿ‡ฟ๐Ÿ‡ฆ Dudley Nourse
19%
No matching quizzes found
Score Distribution
Percent of People with Each Score
Percentile by Number Answered
Your Score History
You have not taken this quiz